European countries in irish - Statistics

General Stats
  • This quiz has been taken 24 times
  • The average score is 37 of 45
Answer Stats
Hint Answer % Correct
Lucsamburg Luxembourg
100%
An Vatacáin Vatican City
100%
An Albáin Albania
95%
Andóra Andorra
95%
An Bhealarúis Belarus
95%
An Bheilg Belgium
95%
An Bhoisnia-Heirseagaivéin Bosnia and Herzegovina
95%
An Bhulgáir Bulgaria
95%
An Danmhairg Denmark
95%
An Fhrainc France
95%
An Ghearmáin Germany
95%
An Laitvia Latvia
95%
Málta Malta
95%
An Mholdóiv Moldova
95%
Monacó Monaco
95%
Montainéagró Montenegro
95%
An Phortaingéil Portugal
95%
San Mairíne San Marino
95%
An tSeirbia Serbia
95%
An Spáinn Spain
95%
An Fhionlainn Finland
89%
An Ghréig Greece
89%
Éire Ireland
89%
An Lichtinstéin Liechtenstein
89%
An tSlóvaic Slovakia
89%
An tSlóivéin Slovenia
89%
An Eastóin Estonia
84%
An Pholainn Poland
84%
An Rómáin Romania
84%
An Úcráin Ukraine
84%
An Ostair Austria
79%
An Ungáir Hungary
79%
An Liotuáin Lithuania
79%
An Rúis Russia
79%
An Ríocht Aontaithe United Kingdom
79%
An Íoslainn Iceland
74%
An Mhacadóin Thuaidh North Macedonia
74%
An Chróit Croatia
63%
An tSualainn Sweden
58%
An Iodáil Italy
53%
An Chosaiv Kosovo
42%
An Ísiltír Netherlands
42%
An Iorua Norway
42%
An Eilvéis Switzerland
42%
Poblacht na Seice Czech Republic
37%
No matching quizzes found
Score Distribution
Percent of People with Each Score
Percentile by Number Answered
Your Score History
You have not taken this quiz